| 000 | 00892nam a2200241 a 4500 | ||
|---|---|---|---|
| 005 | 20240924065141.0 | ||
| 008 | 991125s1992 mx 000 0 spa u | ||
| 035 | _aUPN01000027219 | ||
| 049 | _aI | ||
| 050 | 4 |
_aLB1590 M6 _bH34 1992 |
|
| 245 | 0 | 0 |
_aHaceres, quehaceres y deshaceres : _bcon la lengua escrita en la escuela primaria / _cEmilia Ferreiro ... [et al.]. |
| 260 |
_aMéxico : _bSEP, Libros del Rincón, _c1992. |
||
| 300 |
_a72 p. : _bil. |
||
| 440 | 0 | _aBiblioteca del maestro | |
| 500 | _a"Cuadernos de aula" | ||
| 500 | _a"Decada de la alfabetización" | ||
| 500 | _aTítulo original: Haceres, quehaceres y deshaceres con la lengua escrita en la escuela rural | ||
| 650 | 4 |
_aEducación rural _zMéxico _94430 |
|
| 650 | 4 |
_aEscritura _xEstudio y enseñanza (Elemental) _92804 |
|
| 700 | 1 |
_aFerreiro, Emilia, _d1937- _ecoaut. _930158 |
|
| 905 | _aInfantil | ||
| 999 |
_c27219 _d27219 |
||